[Event "Coulsdon Autumn-B"]
[Site "Coulsdon"]
[Date "2009.08.27"]
[Round "6"]
[White "Warner, Dominic"]
[Black "Curtis, Howard CP"]
[Result "1-0"]
[WhiteElo "1581"]
[BlackElo "1710"]
[PlyCount "115"]
[EventDate "2009.08.22"]
[EventType "tourn"]
[EventRounds "9"]
[EventCountry "ENG"]
[SourceTitle "CBM 132 Extra"]
[Source "ChessBase"]
[SourceDate "2009.11.03"]
[SourceVersion "1"]
[SourceVersionDate "2009.11.03"]
[SourceQuality "1"]

1. f4 d5 2. Nf3 Bf5 3. e3 Nd7 4. d4 e6 5. Bd3 Bxd3 6. Qxd3 a6 7. Bd2 c5 8. 0-0 c4 9. Qe2 Ngf6 10. Be1 h6 11. Nbd2 Be7 12. Ne5 Nxe5 13. fxe5 Nh7 14. e4 b5 15. exd5 Qxd5 16. Qe4 Rd8 17. c3 Bg5 18. Qxd5 Rxd5 19. Ne4 Be7 20. a4 0-0 21. axb5 axb5 22. Ra7 Bd8 23. Nd6 f5 24. Rb7 Ng5 25. Bh4 Nh3+ 26. gxh3 Bxh4 27. Nxb5 Rdd8 28. Nd6 Rb8 29. Rxb8 Rxb8 30. Nxc4 Rb3 31. Rb1 Bd8 32. Nd2 Rb5 33. b3 Bb6 34. Kf1 Rd5 35. Nf3 g5 36. Ke2 g4 37. hxg4 fxg4 38. Nd2 Rd8 39. Rf1 Kg7 40. Rf6 Re8 41. Ne4 Bd8 42. Nd6 Re7 43. Rf1 Ra7 44. Kd3 h5 45. b4 h4 46. Rf4 Kh6 47. Nf7+ Kh5 48. Nxd8 Ra2 49. Nxe6 Rxh2 50. Rf5+ Kh6 51. Nf4 g3 52. e6 Rf2 53. Rh5+ Kg7 54. Rxh4 Rf3+ 55. Kc4 Kf6 56. Rg4 Kf5 57. Rg8 Kxf4 58. e7 1-0